00846cam a2200253u 450000100060000000300080000600500170001400800410003103500190007204000330009104100080012408200200013210000250015224500350017725000110021226000300022330000220025365000470027565000580032270000440038094200120042499900170043695201390045321693BD-RjUL20211209000722.0140305s1960 enk 000 0 eng d a(BD-RjUL)21758 aDLCcCarPdDLCdBD-RjULbeng aeng00a883.1bHOA 19600 aHomer s Iliad96699414aThe anger of Achilles /cHomer a2nd ed aLondon :bCassell ,c1960 axi,256p. ;c24cm. 0aAchilles (Greek mythology)vPoetry.966995 0aEpic poetry, GreekvTranslations into English.9635871 aGraves, Robert,d1895-1985,etr.955177 2ddccBK c21693d21693 00102ddc40728NFICaRUCLbRUCLcReadingd1965-10-14eBlack wellg30.00l0o883.1 HOA 1960r2014-03-05 00:00:00tC-1w2014-03-05yBK